Revista de Derecho Transparencia y acceso a la informacin̤

Bibliographic Details
Format: eBook
Language:Spanish
Published: Santiago de Chile : Universidad Finis Terrae, 2013 -
Subjects:
Online Access:Acceso restringido

MARC

LEADER 00000nam a22000007a 4500
005 20170411180357.0
007 cr|||| ||||
008 170411c20139999cl fr|| s|||| 0||| 1spa d
035 |a 14577 
040 |a vLex 
090 |c 6647  |d 6647 
245 0 0 |a Revista de Derecho  |h [Recurso electrn̤ico] :  |b Transparencia y acceso a la informacin̤  
256 |a Servicio en ln̕ea 
260 |a Santiago de Chile :  |b Universidad Finis Terrae,  |c 2013 - 
300 |a 1 recurso electrn̤ico 
310 |a Semestral 
362 |a Nm︢. 1 (2013) - 
506 0 |a Contenido disponible en los productos indicados  |d vLex Global  |d vLex Global (Academic Edition, excluding Law Schools)  |d vLex Global (U.S. Academic Edition, Law Schools)  |d vLex Global (U.S. Academic Edition, excluding Law Schools)  |d vLex Global (Academic Edition, Law Schools) 
650 0 4 |a Law  |z Chile 
650 0 4 |a Libertad de informacin̤  |z Chile 
650 0 4 |a Transparencia polt̕ica  |z Chile 
740 0 |a vLex Revistas (Servicio en ln̕ea) 
856 4 0 |u http://vlex.com/source/revista-derecho-transparencia-acceso-informacion-14577  |z Acceso restringido 
942 |c REV 
999 0 |a Freedom of information 
999 0 |a Transparency in government